Diminution valuations for building surveyors (Record no. 84515)

MARC details
000 -LEADER
fixed length control field 01270cab a22002535a 4500
001 - CONTROL NUMBER
control field L158093
008 - FIXED-LENGTH DATA ELEMENTS--GENERAL INFORMATION
fixed length control field 140513e2013 xxk 000 0 eng d
035 ## - SYSTEM CONTROL NUMBER
System control number (Sirsi) u158093
041 0# - LANGUAGE CODE
Language code of text/sound track or separate title eng
100 1# - MAIN ENTRY--PERSONAL NAME
Personal name Gilbert, D
245 00 - TITLE STATEMENT
Title Diminution valuations for building surveyors
260 ## - PUBLICATION, DISTRIBUTION, ETC.
Date of publication, distribution, etc. 2013
490 ## - SERIES STATEMENT
Series statement Journal of Building Survey, Appraisal & Valuation
Volume/sequential designation 2(2) Summer 2013. 99-105(8)
520 ## - SUMMARY, ETC.
Summary, etc. Advises building surveyors on how to assist valuers carrying out diminitution valuations under the Landlord and Tenant Act 1927 S18(1). Refers to relevant case law including "Ruxley Electronics Ltd v Forsyth" [1995] UKHL 8 which considered damages for diminution in value; "Sunlife Europe Properties Ltd v Tiger Aspect Holdings and Tiger Televison Ltd" [2013] EWHC 463 (TCC) and "Ravensgage Estates v Horizon Housing Group Ltd" [2007] EWCA Civ 1368 setting out the role of the valuer.
590 ## - LOCAL NOTE (RLIN)
Local note KA
650 24 - SUBJECT ADDED ENTRY--TOPICAL TERM
Topical term or geographic name entry element LANDLORD AND TENANT ACT 1927 S18(1)
650 24 - SUBJECT ADDED ENTRY--TOPICAL TERM
Topical term or geographic name entry element RUXLEY ELECTRONICS AND CONSTRUCTION LTD V FORSYTH
650 24 - SUBJECT ADDED ENTRY--TOPICAL TERM
Topical term or geographic name entry element SUNLIFE ASSURANCE PLC V RACAL TRACS LTD
650 24 - SUBJECT ADDED ENTRY--TOPICAL TERM
Topical term or geographic name entry element RAVENSGAGE ESTATES V HORIXON HOUSING GROUP
651 #4 - SUBJECT ADDED ENTRY--GEOGRAPHIC NAME
Geographic name England and Wales
Chronological subdivision 1543-
690 ## - LOCAL SUBJECT ADDED ENTRY--TOPICAL TERM (OCLC, RLIN)
Topical term or geographic name as entry element Valuation
9 (RLIN) 6273
690 ## - LOCAL SUBJECT ADDED ENTRY--TOPICAL TERM (OCLC, RLIN)
Topical term or geographic name as entry element Building surveying
9 (RLIN) 6225
942 ## - ADDED ENTRY ELEMENTS (KOHA)
Suppress in OPAC 0
Holdings
Withdrawn status Lost status Source of classification or shelving scheme Damaged status Not for loan Home library Current library Shelving location Date acquired Total Checkouts Full call number Barcode Date last seen Copy number Price effective from Koha item type
    Dewey Decimal Classification     London London Journal article 13/05/2014   L158093 158093-1001 06/08/2019 1 06/08/2019 Journal article